[Event "Pan American IBCA-ch 7th"]
[Site "San Luis"]
[Date "2018.11.05"]
[Round "4.4"]
[White "Ricieri, Vinicius De Andrade"]
[Black "Barrios Chamorro, Jesus Adrian"]
[Result "1-0"]
[WhiteElo "1754"]
[BlackElo "1514"]
[PlyCount "61"]
[EventDate "2018.11.04"]
[EventType "swiss"]
[EventRounds "7"]
[EventCountry "ARG"]
[SourceTitle "EXT 2024"]
[Source "ChessBase"]
[SourceDate "2023.10.10"]
[SourceVersion "1"]
[SourceVersionDate "2023.10.10"]
[SourceQuality "1"]

1. d4 d5 2. c4 e6 3. Nf3 c6 4. g3 Nf6 5. Bg2 dxc4 6. a4 c5 7. 0-0 Nc6 8. dxc5 Qxd1 9. Rxd1 Bxc5 10. Nbd2 0-0 11. Nxc4 Bd7 12. Bg5 Rfd8 13. Nfe5 Be8 14. Nxc6 Bxc6 15. Bxc6 bxc6 16. Bxf6 gxf6 17. Na5 Rxd1+ 18. Rxd1 Rb8 19. b3 Rb4 20. Rd3 Rb6 21. Rd8+ Kg7 22. Rc8 h5 23. Rxc6 Rxc6 24. Nxc6 Kg6 25. b4 Bd6 26. b5 Bc5 27. a5 f5 28. Nxa7 Bxa7 29. b6 Bb8 30. a6 Bd6 31. a7 1-0

[Event "Guarapari Regional Sudeste"]
[Site "Guarapari"]
[Date "2018.08.04"]
[Round "4"]
[White "Deus Filho, Joaquim"]
[Black "Ricieri, Vinicius De Andrade"]
[Result "1-0"]
[WhiteElo "1908"]
[BlackElo "1741"]
[PlyCount "105"]
[EventDate "2018.08.03"]
[EventType "swiss"]
[EventRounds "6"]
[EventCountry "BRA"]
[SourceTitle "EXT 2019"]
[Source "ChessBase"]
[SourceDate "2018.10.10"]
[SourceVersion "1"]
[SourceVersionDate "2018.10.10"]
[SourceQuality "1"]

1. e4 c5 2. Nc3 Nc6 3. g3 g6 4. Bg2 Bg7 5. d3 d6 6. Be3 Nf6 7. h3 e5 8. Qd2 a6 9. Bh6 Bxh6 10. Qxh6 Nd4 11. Qd2 Be6 12. Nd1 b5 13. c3 Nc6 14. Ne2 Rb8 15. d4 cxd4 16. cxd4 Bc4 17. d5 Bxe2 18. dxc6 Bc4 19. Ne3 Be6 20. Nd5 Bxd5 21. exd5 0-0 22. Rc1 Ne8 23. h4 f5 24. h5 Qf6 25. hxg6 hxg6 26. Rh6 Rf7 27. Ke2 Rh7 28. Rxh7 Kxh7 29. Qa5 Qf7 30. Qxa6 Nc7 31. Qa3 b4 32. Qe3 e4 33. Qa7 Ra8 34. Qb7 Rxa2 35. Rh1+ Kg7 36. Qxb4 Qf6 37. Rb1 Nxd5 38. Qb3 Ra5 39. Rd1 Nc7 40. Qb6 Nd5 41. Qxa5 Qxb2+ 42. Rd2 Nc3+ 43. Ke3 Qc1 44. Qc7+ Kh6 45. Qxd6 Qe1+ 46. Kf4 Ne2+ 47. Rxe2 Qxe2 48. Qf8+ Kh7 49. Qe7+ Kh6 50. Qh4+ Kg7 51. Qe7+ Kh6 52. Qd6 Qg4+ 53. Ke5 1-0

[Event "Guaxupe visualy limited"]
[Site "Guaxupe"]
[Date "2017.12.01"]
[Round "3.1"]
[White "Polo, Tiago Dias"]
[Black "Ricieri, Vinicius De Andrade"]
[Result "1/2-1/2"]
[WhiteElo "1839"]
[BlackElo "1719"]
[PlyCount "33"]
[EventDate "2017.11.30"]
[EventType "tourn"]
[EventRounds "7"]
[EventCountry "BRA"]
[SourceTitle "EXT 2022"]
[Source "ChessBase"]
[SourceDate "2021.10.06"]
[SourceVersion "1"]
[SourceVersionDate "2021.10.06"]
[SourceQuality "1"]

1. d4 Nf6 2. Nf3 g6 3. Bg5 Bg7 4. Nbd2 0-0 5. e4 d6 6. Bd3 Nc6 7. c3 e5 8. dxe5 Nxe5 9. Nxe5 dxe5 10. Nf3 Re8 11. Bb5 Qxd1+ 12. Rxd1 c6 13. Bxf6 Bxf6 14. Bc4 Bg4 15. Ke2 Rad8 16. h3 Bxf3+ 17. Kxf3 1/2-1/2

[Event "BRA-ch Amateur U1800"]
[Site "Sao Paulo"]
[Date "2017.10.14"]
[Round "6"]
[White "Munhoz, Joao Pedro"]
[Black "Ricieri, Vinicius De Andrade"]
[Result "1-0"]
[WhiteElo "1597"]
[BlackElo "1735"]
[PlyCount "93"]
[EventDate "2017.10.12"]
[EventType "swiss"]
[EventRounds "7"]
[EventCountry "BRA"]
[SourceTitle "EXT 2019"]
[Source "ChessBase"]
[SourceDate "2018.10.10"]
[SourceVersion "1"]
[SourceVersionDate "2018.10.10"]
[SourceQuality "1"]

1. e4 c5 2. Nc3 g6 3. g3 Bg7 4. Bg2 Nc6 5. d3 e6 6. f4 Nge7 7. Nf3 0-0 8. 0-0 d5 9. e5 f6 10. exf6 Bxf6 11. Ne2 Bd7 12. c3 Nf5 13. g4 Nh4 14. Nxh4 Bxh4 15. d4 cxd4 16. Nxd4 Nxd4 17. Qxd4 Bf6 18. Qd3 Qb6+ 19. Qe3 d4 20. Qf2 dxc3 21. bxc3 Qxf2+ 22. Kxf2 Bxc3 23. Rb1 Bc6 24. Bxc6 bxc6 25. Be3 g5 26. Kg3 gxf4+ 27. Bxf4 e5 28. Bh6 Rxf1 29. Rxf1 Bd4 30. Rb1 Bb6 31. Kf3 Kf7 32. Be3 Bxe3 33. Kxe3 Re8 34. Ke4 Re7 35. a4 Ke6 36. Rb8 Kd6 37. h4 c5 38. Rd8+ Kc6 39. g5 c4 40. Rc8+ Rc7 41. Rxc7+ Kxc7 42. h5 Kd6 43. g6 hxg6 44. h6 Kc5 45. h7 Kb4 46. h8Q Kxa4 47. Qb8 1-0

[Event "BRA-ch Amateur U1800"]
[Site "Sao Paulo"]
[Date "2017.10.14"]
[Round "5"]
[White "Ricieri, Vinicius De Andrade"]
[Black "Mendes Domingues, Ribeiro Matheus"]
[Result "1/2-1/2"]
[WhiteElo "1735"]
[BlackElo "1687"]
[PlyCount "140"]
[EventDate "2017.10.12"]
[EventType "swiss"]
[EventRounds "7"]
[EventCountry "BRA"]
[SourceTitle "EXT 2019"]
[Source "ChessBase"]
[SourceDate "2018.10.10"]
[SourceVersion "1"]
[SourceVersionDate "2018.10.10"]
[SourceQuality "1"]

1. e4 c5 2. Nf3 d6 3. Nc3 Nf6 4. g3 g6 5. Bg2 Bg7 6. 0-0 0-0 7. d4 cxd4 8. Nxd4 a6 9. a4 e5 10. Nb3 Be6 11. Nd5 Nbd7 12. Bg5 Rc8 13. Qd2 Bxd5 14. exd5 Qc7 15. Rac1 Nb6 16. a5 Nc4 17. Qb4 Nxb2 18. Nd2 Nc4 19. Bxf6 Bxf6 20. Nxc4 Qxc4 21. Qxb7 Rc7 22. Qb3 Rfc8 23. Rb1 Bd8 24. Qxc4 Rxc4 25. Rfc1 Kg7 26. Rb2 Bxa5 27. Bf1 Bd2 28. Bxc4 Bxc1 29. Bxa6 Rc5 30. Ra2 Rxd5 31. Bd3 Rc5 32. Ra1 Bb2 33. Rb1 Ba3 34. Kf1 d5 35. Rb5 Rxb5 36. Bxb5 Kf6 37. Ke2 Bc5 38. f3 Kg5 39. Bc6 d4 40. Kd3 f5 41. Bd5 Kf6 42. Bc4 h5 43. h3 Bb4 44. g4 h4 45. Bd5 Kg5 46. Bf7 Kf4 47. Bxg6 fxg4 48. fxg4 Kg3 49. Bf5 Kxh3 50. g5+ Kg3 51. Ke4 Bf8 52. Kxe5 Bg7+ 53. Ke6 h3 54. Kf7 h2 55. Be4 Kf4 56. Bh1 Be5 57. g6 Ke3 58. Ke6 Bh8 59. Kd5 Kf2 60. Ke6 Kg1 61. Bd5 h1Q 62. Bxh1 Kxh1 63. Kf7 Kg2 64. g7 Bxg7 65. Kxg7 Kf3 66. Kf6 Ke4 67. Ke6 Kf4 68. Kd5 Ke3 69. Ke5 Kd2 70. Kxd4 Kxc2 1/2-1/2

[Event "Guarapari op"]
[Site "Guarapari"]
[Date "2017.09.10"]
[Round "6"]
[White "Ricieri, Vinicius De Andrade"]
[Black "Lage, Sergio Correa Magal"]
[Result "1/2-1/2"]
[WhiteElo "1733"]
[BlackElo "1949"]
[PlyCount "30"]
[EventDate "2017.09.07"]
[EventType "swiss"]
[EventRounds "6"]
[EventCountry "BRA"]
[SourceTitle "CBM 180 Extra"]
[Source "ChessBase"]
[SourceDate "2017.10.06"]
[SourceVersion "1"]
[SourceVersionDate "2017.10.06"]
[SourceQuality "1"]

1. e4 e5 2. Nf3 Nf6 3. d4 Nxe4 4. Nxe5 d5 5. Bd3 Nf6 6. 0-0 Be7 7. Bf4 0-0 8. Nd2 Nbd7 9. Ndf3 c5 10. Nxd7 Bxd7 11. dxc5 Bxc5 12. Ne5 Be6 13. Re1 Qb6 14. Bd2 Rad8 15. c3 d4 1/2-1/2

[Event "Sao Caetano do Sul-ch 2nd"]
[Site "Sao Caetano do Sul"]
[Date "2016.06.11"]
[Round "5"]
[White "Ricieri, Antonio Marcos"]
[Black "Ricieri, Vinicius De Andrade"]
[Result "1/2-1/2"]
[WhiteElo "1369"]
[BlackElo "1728"]
[PlyCount "40"]
[EventDate "2016.06.04"]
[EventType "swiss"]
[EventRounds "6"]
[EventCountry "BRA"]
[SourceTitle "EXT 2017"]
[Source "ChessBase"]
[SourceDate "2016.10.25"]
[SourceVersion "1"]
[SourceVersionDate "2016.10.25"]
[SourceQuality "1"]

1. e4 c6 2. d4 d5 3. Nc3 dxe4 4. Nxe4 Bf5 5. Ng3 Bg6 6. h4 h6 7. h5 Bh7 8. Nf3 Nd7 9. Bd3 Bxd3 10. Qxd3 Ngf6 11. Bf4 e6 12. 0-0-0 Be7 13. Ne5 Nd5 14. Bd2 N7f6 15. Qe2 Nd7 16. Qg4 Bf6 17. Nd3 Qb6 18. Ne4 Qc7 19. Nxf6+ gxf6 20. Qg7 Ke7 1/2-1/2

[Event "BRA-ch Amateur U1800"]
[Site "Sao Paulo"]
[Date "2016.05.27"]
[Round "4"]
[White "Lacerda, Vinicius"]
[Black "Ricieri, Vinicius De Andrade"]
[Result "1/2-1/2"]
[WhiteElo "1729"]
[BlackElo "1676"]
[PlyCount "108"]
[EventDate "2016.05.26"]
[EventType "swiss"]
[EventRounds "7"]
[EventCountry "BRA"]
[SourceTitle "EXT 2019"]
[Source "ChessBase"]
[SourceDate "2018.10.10"]
[SourceVersion "1"]
[SourceVersionDate "2018.10.10"]
[SourceQuality "1"]

1. d4 Nf6 2. Bg5 e6 3. Nf3 b6 4. Nbd2 Bb7 5. e3 Be7 6. Bd3 h6 7. Bh4 d6 8. 0-0 0-0 9. c3 Nbd7 10. Bc2 c5 11. e4 Rc8 12. e5 dxe5 13. dxe5 Nd5 14. Bxe7 Qxe7 15. Nc4 Bc6 16. Qd3 f5 17. exf6 N7xf6 18. Nce5 Rfd8 19. Nxc6 Rxc6 20. Rfe1 Nb4 21. Qb5 Nxc2 22. Qxc6 Nxa1 23. Rxa1 Qd7 24. Qxd7 Rxd7 25. Re1 Rd6 26. h4 Kf8 27. a4 Ke7 28. b4 Rd3 29. bxc5 Rxc3 30. cxb6 axb6 31. Nd4 Rc4 32. Nxe6 Kf7 33. g3 Rxa4 34. Nd8+ Kg6 35. Rb1 Nd5 36. Rb5 Ra5 37. Rb3 Rc5 38. Ne6 Rc6 39. Nd4 Rc3 40. Rb2 Rd3 41. Ne2 Kh5 42. Rb5 g5 43. hxg5 hxg5 44. Kg2 Rd2 45. Kf3 Rxe2 46. Rxd5 Re6 47. Kg2 Kg6 48. g4 Kf6 49. Kg3 Re5 50. Rd6+ Re6 51. Rd4 b5 52. Rb4 Re5 53. f4 gxf4+ 54. Kxf4 Rc5 1/2-1/2

[Event "BRA-ch Amateur U1800"]
[Site "Sao Paulo"]
[Date "2016.05.27"]
[Round "3"]
[White "Ricieri, Vinicius De Andrade"]
[Black "Mangini, Bruno Fernandes"]
[Result "1-0"]
[WhiteElo "1676"]
[BlackElo "1758"]
[PlyCount "91"]
[EventDate "2016.05.26"]
[EventType "swiss"]
[EventRounds "7"]
[EventCountry "BRA"]
[SourceTitle "EXT 2019"]
[Source "ChessBase"]
[SourceDate "2018.10.10"]
[SourceVersion "1"]
[SourceVersionDate "2018.10.10"]
[SourceQuality "1"]

1. e4 c6 2. d4 d5 3. Nc3 dxe4 4. Nxe4 Bf5 5. Ng3 Bg6 6. h4 h6 7. Nf3 Nd7 8. h5 Bh7 9. Bd3 Bxd3 10. Qxd3 e6 11. Bf4 Ngf6 12. 0-0-0 Nd5 13. Bd2 Qc7 14. Kb1 0-0-0 15. c4 Nf4 16. Bxf4 Qxf4 17. Rh4 Qc7 18. Rhh1 Nf6 19. Ne4 Be7 20. Nxf6 Bxf6 21. Qe3 Rd7 22. Ne5 Bxe5 23. Qxe5 Qxe5 24. dxe5 Rhd8 25. Kc2 Rd4 26. b3 Rf4 27. Rdf1 Rdd4 28. f3 Rh4 29. Kc3 Rd7 30. g3 Rhd4 31. Rf2 b5 32. cxb5 cxb5 33. Re1 Rc7+ 34. Kb2 b4 35. Re3 Rd1 36. Rc2 Rg1 37. Rxc7+ Kxc7 38. g4 Rg2+ 39. Kb1 a5 40. Re4 Kc6 41. Rf4 g6 42. hxg6 fxg6 43. Rf6 Kd5 44. Rxg6 h5 45. gxh5 Rxg6 46. hxg6 1-0

[Event "BRA-ch Amateur U1800"]
[Site "Sao Paulo"]
[Date "2016.05.26"]
[Round "2"]
[White "Fujita, Daniela Miwa"]
[Black "Ricieri, Vinicius De Andrade"]
[Result "0-1"]
[WhiteElo "1446"]
[BlackElo "1676"]
[PlyCount "72"]
[EventDate "2016.05.26"]
[EventType "swiss"]
[EventRounds "7"]
[EventCountry "BRA"]
[SourceTitle "EXT 2019"]
[Source "ChessBase"]
[SourceDate "2018.10.10"]
[SourceVersion "1"]
[SourceVersionDate "2018.10.10"]
[SourceQuality "1"]

1. Nf3 Nf6 2. g3 g6 3. Bg2 Bg7 4. 0-0 0-0 5. d3 d6 6. e4 e5 7. h3 Ne8 8. Be3 f5 9. Qc1 fxe4 10. dxe4 Bxh3 11. Bxh3 Rxf3 12. Qd2 Nc6 13. Bg2 Rf8 14. Qd3 Kh8 15. Nc3 Nf6 16. a3 h5 17. Bg5 Qd7 18. Rad1 Nh7 19. Bd2 g5 20. Ne2 h4 21. Kh2 Rf6 22. gxh4 Rh6 23. Rh1 Rxh4+ 24. Kg1 Rxh1+ 25. Kxh1 Rf8 26. Qg3 Qf7 27. Rf1 Qh5+ 28. Qh3 Qxe2 29. Qe3 Qxe3 30. Bxe3 a6 31. Kh2 Ne7 32. Kg3 Ng6 33. Rh1 Nf4 34. Bf1 Rf6 35. Bc4 Rh6 36. Rd1 Nf6 0-1

[Event "Florianopolis op 2nd"]
[Site "Florianopolis"]
[Date "2016.01.18"]
[Round "4"]
[White "Reichert, Thiago da Cruz"]
[Black "Ricieri, Vinicius De Andrade"]
[Result "1-0"]
[WhiteElo "2006"]
[BlackElo "1748"]
[PlyCount "52"]
[EventDate "2016.01.16"]
[EventType "swiss"]
[EventRounds "10"]
[EventCountry "BRA"]
[SourceTitle "CBM 170 Extra"]
[Source "ChessBase"]
[SourceDate "2016.02.25"]
[SourceVersion "1"]
[SourceVersionDate "2016.02.25"]
[SourceQuality "1"]

1. d4 Nf6 2. c4 e6 3. Nf3 b6 4. a3 Bb7 5. e3 Be7 6. Nc3 Ne4 7. Bd3 Nxc3 8. bxc3 f5 9. 0-0 0-0 10. Nd2 c5 11. f3 Bf6 12. a4 d6 13. Qc2 Nd7 14. Nb3 Rc8 15. a5 g6 16. axb6 axb6 17. Bd2 Qe7 18. Qb2 d5 19. Ra7 dxc4 20. Bxc4 Bd5 21. Bxd5 exd5 22. Qa3 Rfd8 23. Rb1 c4 24. Qxe7 Bxe7 25. Nc1 Rb8 26. Rb5 Ra8 1-0

[Event "Sao Paulo Consciencia op 7th"]
[Site "Sao Paulo"]
[Date "2015.11.22"]
[Round "6"]
[White "Ricieri, Vinicius De Andrade"]
[Black "Francelli, Derli"]
[Result "0-1"]
[WhiteElo "1702"]
[BlackElo "1618"]
[PlyCount "70"]
[EventDate "2015.11.20"]
[EventType "swiss"]
[EventRounds "6"]
[EventCountry "BRA"]
[SourceTitle "CBM 170 Extra"]
[Source "ChessBase"]
[SourceDate "2016.02.25"]
[SourceVersion "1"]
[SourceVersionDate "2016.02.25"]
[SourceQuality "1"]

1. e4 e6 2. b3 d5 3. Bb2 dxe4 4. Nc3 Nf6 5. d3 exd3 6. Bxd3 Nc6 7. Nf3 Nb4 8. Be2 Qxd1+ 9. Bxd1 Be7 10. 0-0 0-0 11. Nd4 c5 12. Nde2 b6 13. a3 Nc6 14. Ng3 Nd4 15. Nce2 Nxe2+ 16. Bxe2 Bb7 17. Rad1 Rad8 18. Nh5 Nxh5 19. Bxh5 Be4 20. Rxd8 Rxd8 21. Bd1 Rd2 22. Bc3 Rd8 23. f3 Bg6 24. Kf2 c4 25. a4 cxb3 26. cxb3 Rc8 27. Be5 Bd3 28. Re1 Bb4 29. Rh1 f6 30. Bf4 Bc2 31. Kg3 e5 32. Be3 Bf5 33. Be2 Be6 34. Bb5 Rc3 35. Rd1 Rxe3 0-1

[Event "Sao Paulo Big Fun op"]
[Site "Sao Paulo"]
[Date "2014.09.28"]
[Round "5"]
[White "Ricieri, Vanilda De Andrade"]
[Black "Ricieri, Vinicius De Andrade"]
[Result "0-1"]
[WhiteElo "1410"]
[BlackElo "1640"]
[PlyCount "88"]
[EventDate "2014.09.25"]
[EventType "swiss"]
[EventRounds "6"]
[EventCountry "BRA"]
[SourceTitle "CBM 162 Extra"]
[Source "ChessBase"]
[SourceDate "2014.10.17"]
[SourceVersion "1"]
[SourceVersionDate "2014.10.17"]
[SourceQuality "1"]

1. e4 c5 2. Nf3 g6 3. d4 cxd4 4. Nxd4 Bg7 5. Be2 Nc6 6. Be3 Nf6 7. Nc3 0-0 8. 0-0 d5 9. exd5 Nxd5 10. Nxd5 Qxd5 11. c3 Nxd4 12. Bxd4 Bxd4 13. Qxd4 Qxd4 14. cxd4 Be6 15. Rfe1 Rfd8 16. Bf3 Rd7 17. d5 Bxd5 18. Bxd5 Rxd5 19. Rxe7 Rad8 20. g3 R8d7 21. Rae1 Kf8 22. Rxd7 Rxd7 23. Re2 Re7 24. Kf1 Rxe2 25. Kxe2 Ke7 26. Ke3 Kd6 27. Kd4 f5 28. f4 b5 29. b4 h5 30. a3 a6 31. h3 Kc6 32. Ke3 Kb6 33. Kd4 a5 34. bxa5+ Kxa5 35. Kc3 Ka4 36. Kb2 b4 37. axb4 Kxb4 38. Kc2 Kc4 39. Kd2 Kd4 40. Ke2 Ke4 41. Kf2 h4 42. Kg2 hxg3 43. Kxg3 Ke3 44. h4 Ke4 0-1

[Event "Sao Paulo Hebraica op 18th"]
[Site "Sao Paulo"]
[Date "2014.07.19"]
[Round "3"]
[White "Ricieri, Vinicius De Andrade"]
[Black "Dias, Joao Batista de Sou"]
[Result "1-0"]
[WhiteElo "1607"]
[BlackElo "1901"]
[PlyCount "87"]
[EventDate "2014.07.17"]
[EventType "swiss"]
[EventRounds "6"]
[EventCountry "BRA"]
[SourceTitle "CBM 161 Extra"]
[Source "ChessBase"]
[SourceDate "2014.08.29"]
[SourceVersion "1"]
[SourceVersionDate "2014.08.29"]
[SourceQuality "1"]

1. e4 e5 2. Nf3 Nc6 3. d4 exd4 4. Nxd4 d5 5. Nxc6 bxc6 6. exd5 cxd5 7. Bb5+ Ke7 8. Bc6 Be6 9. Bxa8 Qxa8 10. 0-0 Nf6 11. Nc3 g6 12. Bf4 Bg7 13. Bxc7 Re8 14. Be5 Kf8 15. Re1 Qb7 16. Rb1 Rd8 17. Qd4 Ne8 18. Bxg7+ Nxg7 19. Qc5+ Kg8 20. Qb5 Qc7 21. Rbd1 d4 22. Ne2 Nf5 23. c3 Bc4 24. Qa4 d3 25. Ng3 Nd6 26. Ne4 Bb5 27. Qd4 Nxe4 28. Qxe4 d2 29. Re3 Qd7 30. c4 Bc6 31. Qc2 Qg4 32. f3 Qd4 33. Qc3 Qd7 34. Re2 a6 35. Rexd2 Qa7+ 36. Kf1 Re8 37. Rd8 Qc7 38. Rxe8+ Bxe8 39. g3 Bd7 40. Qd4 Bh3+ 41. Kf2 Qb7 42. Qf6 Qa7+ 43. Ke2 Bd7 44. Qd8+ 1-0

[Event "Sao Paulo Hebraica op 18th"]
[Site "Sao Paulo"]
[Date "2014.07.19"]
[Round "4"]
[White "Rodrigues, Leonardo De Miranda"]
[Black "Ricieri, Vinicius De Andrade"]
[Result "1-0"]
[WhiteElo "2146"]
[BlackElo "1607"]
[PlyCount "45"]
[EventDate "2014.07.17"]
[EventType "swiss"]
[EventRounds "6"]
[EventCountry "BRA"]
[SourceTitle "CBM 161 Extra"]
[Source "ChessBase"]
[SourceDate "2014.08.29"]
[SourceVersion "1"]
[SourceVersionDate "2014.08.29"]
[SourceQuality "1"]

1. d4 Nf6 2. Nf3 g6 3. c4 d6 4. Nc3 Bg7 5. e4 0-0 6. Be2 e5 7. 0-0 Nc6 8. d5 Ne7 9. b4 b6 10. c5 bxc5 11. bxc5 Nh5 12. g3 f5 13. Ng5 Nf6 14. Ba3 fxe4 15. cxd6 cxd6 16. Rc1 Bf5 17. Nb5 Ne8 18. Ne6 Bxe6 19. dxe6 d5 20. Bxe7 Qxe7 21. Qxd5 Rd8 22. Qxe4 Qxe6 23. Bc4 1-0